Countries Without Any Olympic Medals - Statistics

General Stats
  • This quiz has been taken 54 times
    40 since last reset
  • The average score is 5 of 12
Answer Stats
Continent Number of Olympic Appearances Answer % Correct
Europe 25 Andorra
86%
Europe 20 Malta
67%
Europe 32 Monaco
64%
Europe 14 Albania
53%
South America 22 Bolivia
53%
North America 8 Dominica
44%
Europe 16 Bosnia and Herzegovina
36%
North America 13 Honduras
31%
Asia 18 Nepal
22%
Asia 8 East Timor
17%
Africa 12 Eswatini
17%
Africa 16 Madagascar
8%
No matching quizzes found
Score Distribution
Percent of People with Each Score
Percentile by Number Answered
Your Score History
You have not taken this quiz since the last reset